书目信息 |
| 题名: |
晶体管放大与振荡电路
|
|
| 作者: | ;上海市业余工业大学 编 | |
| 分册: | ||
| 出版信息: | 北京 科学出版社 1976 |
|
| 页数: | 222页 | |
| 开本: | 19cm | |
| 丛书名: | 电子技术讲座 | |
| 单 册: | ||
| 中图分类: | TN72 | |
| 科图分类: | ||
| 主题词: | 晶体管电路 , 放大器 , 放大技术 | |
| 电子资源: | ||
| ISBN: | ||
| 000 | 00813nam2 2200277 45 | |
| 001 | 0176001092 | |
| 005 | 20060810105129.50 | |
| 010 | @dCNY0.40 | |
| 091 | @a15031.240 | |
| 100 | @a19951012d1976 em y0chiy0121 ea | |
| 101 | 0 | @achi |
| 102 | @aCN@b110000 | |
| 105 | @ay z 000yy | |
| 200 | 10 | @a晶体管放大与振荡电路@Ajing ti guan fang da yu zhen dang dian lu@f上海市业余工业大学编@Fshang hai shi ye yu gong ye da xue bian |
| 210 | @a北京@c科学出版社@d1976 | |
| 215 | @a222页@d19cm | |
| 225 | 2 | @a电子技术讲座@v二 |
| 410 | 0 | @120010@a电子技术讲座 |
| 606 | @a晶体管电路 | |
| 606 | 0 | @a放大器 |
| 606 | 0 | @a放大技术 |
| 690 | @aTN72@v3 | |
| 711 | 0 | @a上海市业余工业大学@Ashang hai shi ye yu gong ye da xue@4编 |
| 801 | 0 | @aCN@bTSSF@c20060810 |
| 801 | 2 | @aCN@bNLC@c20060722 |
| 905 | @a10447@dTN72@e11 | |
| 晶体管放大与振荡电路/上海市业余工业大学编.-北京:科学出版社,1976 |
| 222页;19cm.-(电子技术讲座;二) |
| ISBN :CNY0.40 |
| ● |
| 相关链接 |
|
|
|
|
正题名:晶体管放大与振荡电路
索取号:TN72/11
 
预约/预借
| 序号 | 登录号 | 条形码 | 馆藏地/架位号 | 状态 | 备注 |
| 1 | 0452126 | 204521268 | 密集书库/ [索取号:TN72/11] | 在馆 |